Online
Catalog

Album conmemorativo del 450 aniversario de las apariciones de Nuestra Señora de Guadalupe / (Record no. 41805)

MARC details
000 -CABECERA
campo de control de longitud fija 00885nam a2200193 a 4500
001 - NÚMERO DE CONTROL
campo de control 000042316
005 - FECHA Y HORA DE LA ÚLTIMA TRANSACCIÓN
campo de control 20201002040056.0
008 - DATOS DE LONGITUD FIJA--INFORMACIÓN GENERAL
campo de control de longitud fija 131122s1981 mx af 001 0 spa d
020 ## - NÚMERO INTERNACIONAL ESTÁNDAR DEL LIBRO
Número Internacional Estándar del Libro 9687108169
040 ## - FUENTE DE LA CATALOGACIÓN
Centro catalogador/agencia de origen DO-SdBNP
Lengua de catalogación spa
Centro/agencia transcriptor BNPHU
082 ## - NÚMERO DE LA CLASIFICACIÓN DECIMAL DEWEY
Número de clasificación xxx
Número de documento/Ítem xxx
245 00 - MENCIÓN DE TÍTULO
Título Album conmemorativo del 450 aniversario de las apariciones de Nuestra Señora de Guadalupe /
Mención de responsabilidad, etc. presentación del Excmo. Sr. D. Francisco M. Aguilera Obispo Auxiliar de México , preámbulo del Excmo. Sr. Cardenal D. Ernesto Corripio Ahumada Arzobispo Pimado de México ; epílogo del Revmo. Sr. D. Guillermo Schulenburg Prado Abad de Guadalupe.
260 ## - PUBLICACIÓN, DISTRIBUCIÓN, ETC.
Lugar de publicación, distribución, etc. México :
Nombre del editor, distribuidor, etc. Buena Nueva,
Fecha de publicación, distribución, etc. 1981.
300 ## - DESCRIPCIÓN FÍSICA
Extensión 299 p. :
Otras características físicas il., lám. ;
Dimensiones 35 cm.
500 ## - NOTA GENERAL
Nota general Incluye índice
700 1# - PUNTO DE ACCESO ADICIONAL--NOMBRE DE PERSONA
Nombre de persona Aguilar, Francisco M.
9 (RLIN) 69373
700 1# - PUNTO DE ACCESO ADICIONAL--NOMBRE DE PERSONA
Nombre de persona Corripio Ahumada, Ernesto
9 (RLIN) 69374
700 1# - PUNTO DE ACCESO ADICIONAL--NOMBRE DE PERSONA
Nombre de persona Prado Abad, Guillermo Schulenburg
9 (RLIN) 69375
Holdings
Estado de retiro Estado de pérdida Restricciones de uso No para préstamo Código de colección Localización permanente Ubicación/localización actual Ubicación en estantería Fecha de adquisición Número de inventario Total de préstamos Signatura topográfica completa Código de barras Fecha visto por última vez Precio válido a partir de Tipo de ítem Koha
      Excluido de préstamo Monografías: Libros y Folletos General General En catalogación 22.11.2013 LF1   xxx xxx 42316-10 25.06.2020 25.06.2020 No se presta

Powered by Koha